00741nam a22002057a 450000500170000001000150001702000260003203500140005803700090007208200090008110000350009024500390012525000060016426000350017027001220020530000200032794200200034799900190036795201490038620260128153626.0 aENG-147696 a9789390001118c225.00 aEN-131228 bDBAD 21aN aStevenson, Robert Louis986992 aKidnapped/cRobert Louis Stevenson a1 aEast DelhibPharos Booksc2025 aPlot No. -63 Main Mother Dairy Road Pandav Nagar, East DelhibEast Delhie110092k011-403958555msales@pharosbooks.in a200p.c21cm(pb) 2ddccENmSTEhN c214603d214603 001040708FICaAVbAVd2026-01-28eDelivery of Books Act Divisiong225.00l0oSTE NpEN-131228r2026-01-28 00:00:00t1v225.00w2026-01-28yEN